Medicinal plants of Southeast Asia

Bibliographic Details
Main Author: WIART
Format: Book
Published: Subang Jaya, Selangor : Pelanduk Pub. , 2000
Subjects:

MARC

LEADER 00000cam a2200000 7i4500
001 0000001052
005 20031113.0
020 0 0 |a 9679787257 
090 0 0 |a R581.6340959   |b WIA 2000 
100 1 0 |a WIART   |h Christophe 
245 1 0 |a Medicinal plants of Southeast Asia   |c Christophe Wiart 
260 0 0 |a Subang Jaya, Selangor :   |b Pelanduk Pub. ,   |c 2000 
300 |a 199 p. :   |b ill. ;   |c 22 cm. 
500 0 0 |a Bibliography : [p. 177-186] and index 
650 0 0 |a Materia medica, Vegetable   |z Asia, Southeastern 
650 0 0 |a Medicinal plants   |z Asia, Southeastern 
998 |a JPSM 
999 |a 0000002320   |b Monograph   |c Reference   |e Default branch